000 00972nam a22002897a 4500
001 BR0503269
003 BR-BrBNA
005 20230928101924.0
007 ta
008 230509b bl.||||| |||| 00| 0 por d
040 _aBR-BrBNA
_bpor
_cBiblioteca Nacional de Agricultura
041 _a(Por)
072 _aE14; K10
090 _ E14 BR0503269
110 1 _aInstituto Brasileiro de Desenvolvimento Florestal, Natal, RN (Brasil). Delegacia Estadual
_95745
245 1 _aPlano de manejo florestal para a região do Seridó do Rio Grande do Norte; v.1: levantamento básicos; v.3: plano de manejo florestal
260 3 _aNatal, RN (Brasil):
_c1988.
300 _av.1, v.3
500 _aSeveral bibliography ; 90 illus.; 31 ref.
650 _aPROJETO AGRÍCOLA
650 _aREFLORESTAMENTO
650 _aPLANEJAMENTO FLORESTAL
650 _aDESENVOLVIMENTO FLORESTAL
650 _aRIO GRANDE DO NORTE
909 _a202309
_bLucia
_c55
_dLucia Elande
942 _cBK
999 _c68236
_d68236